1081 1922 1184 1443 1849 1721 1726 1383 1207 1469 1757 1349 1655 1873 1313 1287 1226 1651 1071 1776 1225 1616 1196 1328 1252 1601 1031 1542 1333 1691 1744 1041 1186 1380 1785 1177 1652 1962 1793 1253 1086 1054 1805 1805 1010 1784 1472 1725 1517 1916 1260 1312 1886 1761 1563 1724 1868 1768 1375 1810 1067 1140 1419 1198 1971 1238 1206 1142 1824 1771 1917 1036 1273 1456 1377 1034 1859 1985 1040 1214 1296 1241 1003 1596 1287 1214 1862 1989 1056 1784 1710 1878 1994 1846 1044 1045 1512 1845 1671 BCNSPRNW ULIB Ver.6.0+V

เปลี่ยนเป็นภาษาไทย

Change to English
 แสดงรายละเอียดบรรณานุกรม
  กลับหน้าหลัก

Brief Record : Get Marc (ISO 2709) : E-mail record : QR code < ปิดหน้าต่าง
LEADER : 00000nam 2200000uu 4500
001    13399114157
003     ULIB
008    110606s||||||||th 000 0 tha d
020    9741321651
060 04 WR140^bย421ต
100 0  ยุพิน ไทยพิสุทธิกุล
245 00 ตจวิทยา = Dermatology /^cยุพิน ไทยพิสุทธิกุล, บรรณาธิการ
246 31 Dermatology
250    พิมพ์ครั้งที่ 3
260    กรุงเทพฯ :^bยูเนี่ยนครีเอชั่น,^c2554
300    164 หน้า :^bภาพประกอบ
504    มีบรรณานุกรมและดรรชนีประกอบ
650  0 Dermatology
650  0 Skin^xDiseases
700 10 ยุพิน ไทยพิสุทธิกุล,^eบรรณาธิการ
945    ^p185^l0^i031187
945    ^p185^l0^i031188
945    ^p185^l0^i031601
995    ทศพร
999 ^a ใช้งานได้ทุกระบบ
รายการนี้ยังไม่มีแท็ก
คุณยังไม่ได้ล็อกอิน คุณสามารถมีกิจกรรมร่วมกับเว็บไซต์ได้ แต่ต้องล็อกอินก่อน ::
  ล็อกอิน

รายการสื่อสารสนเทศ

ลำดับที่ ประเภท เลขเรียก/บาร์โค้ด สถานที่ สถานะ
1. วิทยาศาสตร์การแพทย์ และสุขภาพ
หนังสือสำรอง
สถานะ=หนังสือสำรอง
WR140 ย421ต ฉ.1 
  Barcode: 031187
ห้องสมุดวิทยาเขตสวรรค์ประชารักษ์
►ส่วนจัดเก็บหนังสือเก่า สปร
บนชั้น
  ขอยืม
2. วิทยาศาสตร์การแพทย์ และสุขภาพ
วิทยาศาสตร์การแพทย์ และสุขภาพ
WR140 ย421ต ฉ.2 
  Barcode: 031188
ห้องสมุดวิทยาเขตสวรรค์ประชารักษ์
►ส่วนจัดเก็บหนังสือเก่า สปร
บนชั้น
  ขอยืม
3. วิทยาศาสตร์การแพทย์ และสุขภาพ
วิทยาศาสตร์การแพทย์ และสุขภาพ
WR140 ย421ต ฉ.3 
  Barcode: 031601
ห้องสมุดวิทยาเขตสวรรค์ประชารักษ์
►ส่วนจัดเก็บหนังสือเก่า สปร
บนชั้น
  ขอยืม

รายการใกล้เคียง
    ผู้แต่ง [ยุพิน ไทยพิสุทธิกุล]

    หัวเรื่อง [Dermatology]
    หัวเรื่อง [Skin Diseases]

BibComment


ยังไม่เคยถูกคอมเมนท์

คอมเมนท์ทรัพยากรรายการนี้
  คอมเมนท์: ตจวิทยา Dermatol..


 Copyright 2026. Bcnsprnw @Library